<?xml version="1.0" encoding="UTF-8"?>
<marc:record xmlns:marc="http://www.loc.gov/MARC21/slim">
   <marc:leader>00000nam a2200000 a 4500</marc:leader>
   <marc:datafield ind1="1" ind2=" " tag="100">
      <marc:subfield code="a">Leyua, Joannes de</marc:subfield>
   </marc:datafield>
   <marc:datafield ind1="1" ind2=" " tag="100">
      <marc:subfield code="a">Brauo, Petrus</marc:subfield>
   </marc:datafield>
   <marc:datafield ind1="1" ind2=" " tag="100">
      <marc:subfield code="a">Bencard, Johann C.</marc:subfield>
   </marc:datafield>
   <marc:datafield ind1="1" ind2=" " tag="100">
      <marc:subfield code="a">Leopold &lt;Römisch-Deutsches Reich, Kaiser, I.&gt;</marc:subfield>
   </marc:datafield>
   <marc:datafield ind1="1" ind2=" " tag="100">
      <marc:subfield code="a">Johann Franz &lt;Konstanz, Bischof, II.&gt;</marc:subfield>
   </marc:datafield>
   <marc:datafield ind1=" " ind2="1" tag="264">
      <marc:subfield code="c">1715</marc:subfield>
   </marc:datafield>
   <marc:datafield ind1="1" ind2=" " tag="520">
      <marc:subfield code="a">Titelkupfer http://zentralbibliothek.kapuziner.at/kupferstiche/provinzbibliothek/IMG_1944.jpg, Zierkupferstiche, ill. Initialen und Verzierungen im Text, brauner Ganzledereinband auf Pappdeckeln, Buchdeckel mit braunem, schwarz gesprenkeltem Papier bezogen, Buchrücken mit 5 Bünden, Linienverzierungen und Titelschilder "Barziae || P. I." "DE BARZIA || Seelen-Wecker || T. I.", rot gesprenkelte Schnittkante</marc:subfield>
   </marc:datafield>
   <marc:datafield ind1=" " ind2=" " tag="041">
      <marc:subfield code="a">ger</marc:subfield>
   </marc:datafield>
   <marc:datafield ind1=" " ind2=" " tag="500">
      <marc:subfield code="a">Titelbl. in Rot- und Schwarzdr.</marc:subfield>
   </marc:datafield>
   <marc:datafield ind1="0" ind2=" " tag="490">
      <marc:subfield code="v">1.</marc:subfield>
   </marc:datafield>
   <marc:datafield ind1=" " ind2=" " tag="300">
      <marc:subfield code="a">[15] Bl., 850 S.</marc:subfield>
   </marc:datafield>
</marc:record>
